000 00563nam a2200205Ia 4500
003 OSt
005 20251112163135.0
008 210210b2014 xxu||||| |||| 00| 0 eng d
020 _a9789383717095
040 _cAL
041 _aKannada
082 _aK894.9 PURM
100 _aPURUSHOTTAMA BILIMALE
_dಪುರುಷೋತ್ತಮ ಬಿಳಿಮಲೆ
_9245265
245 _aMeludani
_b ಮೆಲುದನಿ
260 _aHosapete
_bYaji Prakashana
_c2014
300 _a235
690 _aKannada Criticism
_9245266
906 _a072248
942 _2ddc
_cBK
999 _c122078
_d122078